[Event "Bundesliga 2122"]
[Site "Germany"]
[Date "2022.05.15"]
[Round "8.4"]
[White "Gavrilescu, David"]
[Black "Reuker, Jari"]
[Result "1-0"]
[WhiteElo "2512"]
[BlackElo "2425"]
[PlyCount "143"]
[EventDate "2022.03.05"]
[EventType "team-tourn"]
[EventRounds "15"]
[EventCountry "GER"]
[SourceTitle "EXT 2023"]
[Source "ChessBase"]
[SourceDate "2022.10.05"]
[SourceVersion "1"]
[SourceVersionDate "2022.10.05"]
[SourceQuality "1"]
[WhiteTeam "Kiel Turm"]
[BlackTeam "Werder Bremen"]
[WhiteTeamCountry "GER"]
[BlackTeamCountry "GER"]

1. e4 e5 2. Nf3 Nc6 3. Bc4 Bc5 4. c3 Nf6 5. d3 0-0 6. 0-0 d6 7. Bb3 a5 8. h3 h6 9. Nbd2 Be6 10. Bc2 Qb8 11. Re1 Qa7 12. Qe2 a4 13. Nf1 b5 14. a3 Na5 15. Be3 Bxe3 16. fxe3 c5 17. Ng3 g6 18. d4 Bc4 19. Qf2 Qe7 20. Rad1 Nh7 21. Nd2 Be6 22. Rf1 Kg7 23. Nf3 Bc4 24. Rfe1 Rad8 25. Nd2 Be6 26. Nf3 Qf6 27. Nf1 Ng5 28. N1d2 Nc4 29. Nxc4 Bxc4 30. Nd2 Be6 31. Qxf6+ Kxf6 32. h4 Nh7 33. Nf3 Bg4 34. Rf1 Ke6 35. c4 Bxf3 36. gxf3 cxd4 37. cxb5 dxe3 38. Rfe1 Ra8 39. Rxe3 Rfb8 40. Bd3 Nf8 41. Rc1 Kd7 42. Rc6 Ne6 43. Bc4 Rc8 44. Bd5 Rab8 45. Rxc8 Kxc8 46. Rc3+ Kd7 47. Rc4 Nc5 48. b3 axb3 49. Rb4 Kc7 50. Bxb3 f5 51. Bd5 fxe4 52. fxe4 Kb6 53. Rb2 Rf8 54. Rg2 Rf6 55. Bc6 Ne6 56. Be8 g5 57. hxg5 Nxg5 58. Rc2 Nf3+ 59. Kh1 Rf8 60. Bd7 Rg8 61. Rc1 Rg7 62. Be8 Nd4 63. a4 Rg4 64. Rb1 Rg8 65. Bh5 Ra8 66. Bd1 Ne6 67. Bc2 Rc8 68. Bb3 Nc5 69. Bc2 Ne6 70. Bb3 Nc5 71. Bc2 Ka5 72. Rd1 1-0

[Event "BL2-Nord 2122"]
[Site "Germany"]
[Date "2022.04.30"]
[Round "3.1"]
[White "Ivic, Velimir"]
[Black "Reuker, Jari"]
[Result "1-0"]
[WhiteElo "2625"]
[BlackElo "2435"]
[PlyCount "93"]
[EventDate "2022.03.05"]
[EventType "team-tourn"]
[EventRounds "10"]
[EventCountry "GER"]
[SourceTitle "EXT 2023"]
[Source "ChessBase"]
[SourceDate "2022.10.05"]
[SourceVersion "1"]
[SourceVersionDate "2022.10.05"]
[SourceQuality "1"]
[WhiteTeam "Kirchweyhe"]
[BlackTeam "Werder Bremen II"]
[WhiteTeamCountry "GER"]
[BlackTeamCountry "GER"]

1. e4 e5 2. Nf3 Nc6 3. Bb5 Nf6 4. d3 Bc5 5. c3 0-0 6. 0-0 d6 7. h3 a6 8. Ba4 b5 9. Bb3 h6 10. Re1 Bb6 11. Nbd2 Ne7 12. Nf1 Ng6 13. Ng3 Re8 14. a4 Bb7 15. Nh2 d5 16. Ng4 Kh7 17. Qf3 Nxg4 18. hxg4 Nh4 19. Qe2 Kg8 20. Be3 d4 21. Bd2 dxc3 22. bxc3 Ng6 23. Qf3 Rf8 24. Nf5 Bc8 25. axb5 Be6 26. Ba4 Bc4 27. Bxh6 Qxd3 28. Qxd3 Bxd3 29. Bxg7 Rfb8 30. Bb3 axb5 31. Rad1 Bc4 32. Bxc4 bxc4 33. g3 Ra2 34. Rf1 Rc2 35. Bf6 Rxc3 36. Kg2 Ra8 37. Nh6+ Kh7 38. Rd7 Nh4+ 39. gxh4 Kxh6 40. Bxe5 Rc2 41. Rxf7 Re8 42. Bxc7 Bxc7 43. Rxc7 Rxe4 44. Kg3 Rc3+ 45. f3 Ree3 46. g5+ Kh5 47. Rc6 1-0

[Event "Cattolica Primavera op"]
[Site "Cattolica"]
[Date "2022.03.20"]
[Round "8"]
[White "Mirzoev, Emil"]
[Black "Reuker, Jari"]
[Result "1/2-1/2"]
[WhiteElo "2475"]
[BlackElo "2425"]
[PlyCount "89"]
[EventDate "2022.03.16"]
[EventType "swiss"]
[EventRounds "9"]
[EventCountry "ITA"]
[SourceTitle "CBM 207 Extra"]
[Source "ChessBase"]
[SourceDate "2022.05.31"]
[SourceVersion "1"]
[SourceVersionDate "2022.05.31"]
[SourceQuality "1"]

1. c4 Nf6 2. Nc3 e5 3. Nf3 Nc6 4. e3 Bb4 5. Qc2 Bxc3 6. bxc3 0-0 7. e4 d6 8. g3 Nd7 9. Bg2 Nc5 10. Nh4 a6 11. a4 Na5 12. d3 Nab3 13. Rb1 Nxc1 14. Rxc1 Qe8 15. a5 Qa4 16. Qxa4 Nxa4 17. Kd2 b5 18. axb6 Nxb6 19. f4 f6 20. Nf5 Bd7 21. Ne3 a5 22. Ra1 a4 23. Bf3 Rfb8 24. Ra2 g6 25. h4 Kg7 26. h5 Bc6 27. f5 g5 28. h6+ Kf7 29. d4 Ke7 30. Rha1 Ra5 31. Kd3 Bb7 32. Bd1 Rba8 33. Ra3 Bc6 34. Rb1 R8a7 35. Rb4 Ra8 36. Be2 Kd8 37. Nd5 Nxd5 38. exd5 Bd7 39. g4 Kc8 40. Rb2 c5 41. Bd1 Kc7 42. dxe5 dxe5 43. Bf3 R8a6 44. Be4 Ra8 45. Bf3 1/2-1/2

[Event "Cattolica Primavera op"]
[Site "Cattolica"]
[Date "2022.03.19"]
[Round "6"]
[White "Wachinger, Nikolas"]
[Black "Reuker, Jari"]
[Result "0-1"]
[WhiteElo "2376"]
[BlackElo "2425"]
[PlyCount "106"]
[EventDate "2022.03.16"]
[EventType "swiss"]
[EventRounds "9"]
[EventCountry "ITA"]
[SourceTitle "CBM 207 Extra"]
[Source "ChessBase"]
[SourceDate "2022.05.31"]
[SourceVersion "1"]
[SourceVersionDate "2022.05.31"]
[SourceQuality "1"]

1. d4 Nf6 2. c4 e6 3. Nc3 c5 4. d5 exd5 5. cxd5 d6 6. Nf3 g6 7. g3 Bg7 8. Bg2 0-0 9. 0-0 Re8 10. Bf4 a6 11. a4 h6 12. Re1 g5 13. Bc1 Bf5 14. Nd2 Nbd7 15. e4 Bg6 16. f4 gxf4 17. gxf4 Nh5 18. Qg4 Bd4+ 19. Kh1 Ndf6 20. Qf3 Bf5 21. h3 Ng4 22. hxg4 Qh4+ 23. Qh3 Qxe1+ 24. Nf1 Qf2 25. Be3 Bxe3 26. Qxe3 Qh4+ 27. Qh3 Qxh3+ 28. Bxh3 Nxf4 29. gxf5 Nxh3 30. Kg2 Nf4+ 31. Kf3 Nd3 32. Ng3 f6 33. Nce2 b5 34. b3 Kf7 35. Ke3 Ne5 36. Nf4 bxa4 37. bxa4 Rab8 38. Ngh5 Rb3+ 39. Ke2 Rb2+ 40. Kf1 Nc4 41. Ne6 Ne3+ 42. Kg1 Rg8+ 43. Kh1 Ng4 44. Nhf4 Nf2+ 45. Kh2 Nxe4+ 46. Kh1 Ng3+ 47. Kg1 Nxf5+ 48. Kh1 Ng3+ 49. Kg1 Ne2+ 50. Kh1 Nxf4 51. Nxf4 Rf2 52. Nh3 Rf3 53. Ng1 Rf5 0-1

[Event "Cattolica Primavera op"]
[Site "Cattolica"]
[Date "2022.03.18"]
[Round "4"]
[White "Poupalos, Nikolaos"]
[Black "Reuker, Jari"]
[Result "0-1"]
[WhiteElo "1971"]
[BlackElo "2425"]
[PlyCount "38"]
[EventDate "2022.03.16"]
[EventType "swiss"]
[EventRounds "9"]
[EventCountry "ITA"]
[SourceTitle "CBM 207 Extra"]
[Source "ChessBase"]
[SourceDate "2022.05.31"]
[SourceVersion "1"]
[SourceVersionDate "2022.05.31"]
[SourceQuality "1"]

1. e4 c6 2. d4 d5 3. e5 c5 4. Nf3 cxd4 5. Nxd4 Nc6 6. Nxc6 bxc6 7. Bd3 e6 8. 0-0 Ne7 9. Re1 Ng6 10. Nd2 Bc5 11. Nf3 0-0 12. c3 a5 13. Ng5 h6 14. Nh3 Qh4 15. Qe2 f5 16. exf6 Qxf6 17. Bxg6 Qxg6 18. Nf4 Qf5 19. Qd3 Bxf2+ 0-1

[Event "Cattolica Primavera op"]
[Site "Cattolica"]
[Date "2022.03.18"]
[Round "5"]
[White "Reuker, Jari"]
[Black "Damia, Angelo"]
[Result "1-0"]
[WhiteElo "2425"]
[BlackElo "2223"]
[PlyCount "49"]
[EventDate "2022.03.16"]
[EventType "swiss"]
[EventRounds "9"]
[EventCountry "ITA"]
[SourceTitle "CBM 207 Extra"]
[Source "ChessBase"]
[SourceDate "2022.05.31"]
[SourceVersion "1"]
[SourceVersionDate "2022.05.31"]
[SourceQuality "1"]

1. e4 c5 2. Nf3 d6 3. d4 cxd4 4. Nxd4 Nf6 5. Nc3 Nc6 6. f3 e6 7. Be3 Bd7 8. Qd2 a6 9. 0-0-0 b5 10. Nxc6 Bxc6 11. g4 Be7 12. g5 Nd7 13. h4 Qa5 14. Kb1 Ne5 15. f4 b4 16. Nd5 exd5 17. exd5 Nf3 18. Qd3 Bb5 19. Qe4 Bxf1 20. Rhxf1 Nxh4 21. f5 Nxf5 22. Qxf5 Rf8 23. Bd4 g6 24. Qe4 Qd8 25. Rde1 1-0

[Event "Cattolica Spring Mix"]
[Site "Cattolica"]
[Date "2022.03.13"]
[Round "6"]
[White "Reuker, Jari"]
[Black "Dimitrov, Radoslav"]
[Result "0-1"]
[WhiteElo "2425"]
[BlackElo "2487"]
[PlyCount "68"]
[EventDate "2022.03.10"]
[EventType "swiss"]
[EventRounds "9"]
[EventCountry "ITA"]
[SourceTitle "CBM 207 Extra"]
[Source "ChessBase"]
[SourceDate "2022.05.31"]
[SourceVersion "1"]
[SourceVersionDate "2022.05.31"]
[SourceQuality "1"]

1. e4 c5 2. Nf3 Nc6 3. d4 cxd4 4. Nxd4 e5 5. Nb5 a6 6. Nd6+ Bxd6 7. Qxd6 Qe7 8. Qc7 d5 9. Qxe7+ Ngxe7 10. exd5 Nxd5 11. c3 Bf5 12. g3 0-0-0 13. Be2 e4 14. 0-0 Bh3 15. Rd1 Ne5 16. Nd2 Nf6 17. f4 Nd3 18. Nc4 Bg4 19. Bxg4+ Nxg4 20. h3 b5 21. hxg4 bxc4 22. b3 h5 23. g5 h4 24. Kh2 hxg3+ 25. Kxg3 Rh5 26. f5 Rdh8 27. Rf1 Rh3+ 28. Kg2 Rh2+ 29. Kg3 e3 30. Ba3 e2 31. Rg1 R8h3+ 32. Kg4 Re3 33. Bd6 Nf2+ 34. Kf4 Rhh3 0-1

[Event "Cattolica Grandiscacchi op 1st"]
[Site "Cattolica"]
[Date "2022.03.08"]
[Round "9"]
[White "Nikolov, Momchil"]
[Black "Reuker, Jari"]
[Result "0-1"]
[WhiteElo "2501"]
[BlackElo "2425"]
[PlyCount "86"]
[EventDate "2022.03.01"]
[EventType "swiss"]
[EventRounds "9"]
[EventCountry "ITA"]
[SourceTitle "CBM 207 Extra"]
[Source "ChessBase"]
[SourceDate "2022.05.31"]
[SourceVersion "1"]
[SourceVersionDate "2022.05.31"]
[SourceQuality "1"]

1. d4 Nf6 2. c4 g6 3. Nc3 Bg7 4. e4 d6 5. Nf3 0-0 6. Be2 e5 7. Be3 exd4 8. Nxd4 Re8 9. f3 c6 10. Bf2 d5 11. exd5 cxd5 12. c5 Nc6 13. 0-0 Nh5 14. Qd2 Be5 15. g3 Ng7 16. Rfe1 Be6 17. Bb5 Bd7 18. Bf1 Bxd4 19. Bxd4 Nf5 20. Rxe8+ Qxe8 21. Re1 Qf8 22. Bf2 d4 23. Ne4 Qg7 24. g4 Nfe7 25. b4 Nd5 26. a3 a5 27. b5 Ne5 28. Bg2 d3 29. a4 Nb4 30. Qc3 Nc2 31. g5 Nxe1 32. Nf6+ Qxf6 33. gxf6 d2 34. Qb3 Rd8 35. Qd1 Nxg2 36. Kxg2 Be6 37. Bg3 Nc4 38. Bf4 Nb2 39. Qxd2 Rxd2+ 40. Bxd2 Nxa4 41. c6 bxc6 42. bxc6 Nb6 43. Bxa5 Nd5 0-1

[Event "Cattolica Grandiscacchi op 1st"]
[Site "Cattolica"]
[Date "2022.03.04"]
[Round "5"]
[White "Foerster Yialamas, Lucas"]
[Black "Reuker, Jari"]
[Result "0-1"]
[WhiteElo "2048"]
[BlackElo "2425"]
[PlyCount "50"]
[EventDate "2022.03.01"]
[EventType "swiss"]
[EventRounds "9"]
[EventCountry "ITA"]
[SourceTitle "EXT 2023"]
[Source "ChessBase"]
[SourceDate "2022.10.05"]
[SourceVersion "1"]
[SourceVersionDate "2022.10.05"]
[SourceQuality "1"]

1. e4 c6 2. d4 d5 3. e5 c5 4. dxc5 e6 5. Be3 Nd7 6. f4 Nxc5 7. Nf3 Nh6 8. Bd3 Bd7 9. Nd4 Nxd3+ 10. Qxd3 Ng4 11. Nc3 Nxe3 12. Qxe3 Bc5 13. Nce2 Bb5 14. 0-0-0 Qb6 15. Qg3 g6 16. Nxb5 Qxb5 17. Nc3 Qc6 18. f5 gxf5 19. Qg7 Rf8 20. g4 d4 21. Nb1 d3 22. c3 Be3+ 23. Nd2 Bxd2+ 24. Kxd2 Qg2+ 25. Kc1 Qc2# 0-1

[Event "Bremen Silvester op"]
[Site "Bremen"]
[Date "2021.12.29"]
[Round "5"]
[White "Reuker, Jari"]
[Black "Matthes, Aaron"]
[Result "0-1"]
[WhiteElo "2437"]
[BlackElo "2089"]
[PlyCount "146"]
[EventDate "2021.12.21"]
[EventType "swiss"]
[EventRounds "7"]
[EventCountry "GER"]
[SourceTitle "CBM 205 Extra"]
[Source "ChessBase"]
[SourceDate "2022.01.31"]
[SourceVersion "1"]
[SourceVersionDate "2022.01.31"]
[SourceQuality "1"]

1. c4 c6 2. Nf3 d5 3. g3 Nf6 4. Bg2 dxc4 5. 0-0 Be6 6. Qc2 Nbd7 7. Na3 Nb6 8. Ne5 h5 9. h4 Ng4 10. Naxc4 Nxc4 11. Nxc4 g5 12. Qc3 Rg8 13. Na5 Qc7 14. d4 gxh4 15. Bf4 Qb6 16. Nxb7 Bd5 17. e4 Qxb7 18. exd5 cxd5 19. Qa5 e6 20. Rac1 Be7 21. Rc7 Qb4 22. Qa6 Kf8 23. Qb7 Qxb7 24. Rxb7 Bf6 25. Rc1 Bxd4 26. Rcc7 Rg7 27. gxh4 Bxf2+ 28. Kf1 Bb6 29. Rd7 Rc8 30. Bf3 Nf6 31. Re7 Ng8 32. Red7 Nf6 33. Re7 Bc5 34. Rec7 Rxc7 35. Rxc7 Rg1+ 36. Ke2 Bb6 37. Rc8+ Kg7 38. Be5 Kg6 39. a4 Kf5 40. Bxf6 Kxf6 41. b4 Rb1 42. a5 Bd4 43. Rb8 Bc3 44. Bxh5 Rxb4 45. Rf8 Rxh4 46. Rxf7+ Ke5 47. Bg6 Bd4 48. Rf1 Rh2+ 49. Kd3 Rh3+ 50. Kc2 Rc3+ 51. Kd2 Ra3 52. Bf7 Kd6 53. Rh1 Bf6 54. Kc2 Rxa5 55. Rh6 Ra2+ 56. Kb3 Rf2 57. Bg8 Rf4 58. Rh7 Bd4 59. Rb7 Bb6 60. Rb8 e5 61. Re8 e4 62. Re6+ Kc5 63. Re5 Rf3+ 64. Ka4 Rd3 65. Bf7 Rd2 66. Kb3 Rd3+ 67. Ka4 Kd6 68. Re6+ Kd7 69. Re5 e3 70. Bxd5 Kd6 71. Bc4 Kxe5 72. Bxd3 Kd4 73. Bf1 Kc3 0-1